| 000 | 01009cam a2200253 i 4500 | ||
|---|---|---|---|
| 005 | 20251218092402.0 | ||
| 008 | 250721s1999 jo gr 000 0 ara d | ||
| 082 | 1 | 4 |
_a218.1 _bث ق ا |
| 100 | 1 |
_aالسيد، عزمي طه _eمؤلف. |
|
| 245 | 1 | 2 |
_aالثقافة الإسلامية : _bمفهومها - مصادرها - خصائصها - مجالاتها / _cد. عزمي طه السيد [وستة آخرون]. |
| 250 | _aالطبعة الثالثة. | ||
| 264 | 3 | 1 |
_aعمان : _bدار المناهج للنشر و التوزيع، _c1999. |
| 300 | _a384 صفحة. | ||
| 650 | 1 | 7 | _aالإسلام. |
| 650 | 1 | 7 | _aالثقافة الإسلامية. |
| 700 | 1 |
_aقرعوش، كايد _eمؤلف. |
|
| 700 | 1 |
_aالشلبي، محمد _eمؤلف. |
|
| 700 | 1 |
_aالدبو، ابراهيم _eمؤلف. |
|
| 700 | 1 |
_aالسعد، وليد _eمؤلف. |
|
| 700 | 1 |
_aالبنا، نصر _eمؤلف. |
|
| 700 | 1 |
_aالقضاة، خالد _eمؤلف. |
|
| 942 |
_2ddc _cBK |
||
| 999 |
_c49042 _d49042 |
||